000 00581nam a2200253Ia 4500
005 20260121154814.0
008 008 260114s9999 xx 000 0 eng d
020 _a9781003095880
037 _aEBOOK
040 _aCRL
040 _beng
040 _cCRL
041 _2eng
041 _aeng
084 _qCRL
100 _a Li Yining
_91011712
245 0 _aCultural Economics
260 _bTaylor and Francis
260 _c2021
856 _uhttp://www.taylorfrancis.com/books/9781003095880
942 _cEBOOK
999 _c1578531
_d1578531